[Event "Novosibirsk op 04"]
[Site "Novosibirsk"]
[Date "2009.04.10"]
[Round "7"]
[White "Moskalev, Alexander"]
[Black "Romanjko, Arseny"]
[Result "0-1"]
[WhiteElo "1887"]
[BlackElo "2041"]
[PlyCount "46"]
[EventDate "2009.04.03"]
[EventType "swiss"]
[EventRounds "9"]
[EventCountry "RUS"]
[SourceTitle "EXT 2012"]
[Source "ChessBase"]
[SourceDate "2011.11.24"]
[SourceVersion "1"]
[SourceVersionDate "2011.11.24"]
[SourceQuality "1"]

1. e4 c5 2. Nf3 Nc6 3. d4 cxd4 4. Nxd4 e5 5. Nb5 a6 6. Nd6+ Bxd6 7. Qxd6 Qe7 8. Qd1 f5 9. Nc3 fxe4 10. Nd5 Qd6 11. Bg5 Nd4 12. Bc4 b5 13. Bb3 Bb7 14. Ne3 Qg6 15. Bh4 Nh6 16. Nd5 Rc8 17. Ne7 Qxg2 18. Qh5+ g6 19. Nxg6 Qxh1+ 20. Kd2 e3+ 21. fxe3 Qg2+ 22. Ke1 Nf3+ 23. Qxf3 Bxf3 0-1

[Event "Novosibirsk op 04"]
[Site "Novosibirsk"]
[Date "2009.04.04"]
[Round "2"]
[White "Romanjko, Arseny"]
[Black "Chuguev, Anton"]
[Result "0-1"]
[WhiteElo "2041"]
[BlackElo "2214"]
[PlyCount "80"]
[EventDate "2009.04.03"]
[EventType "swiss"]
[EventRounds "9"]
[EventCountry "RUS"]
[SourceTitle "EXT 2012"]
[Source "ChessBase"]
[SourceDate "2011.11.24"]
[SourceVersion "1"]
[SourceVersionDate "2011.11.24"]
[SourceQuality "1"]

1. e3 Nf6 2. g4 e5 3. Bg2 d5 4. g5 Ne4 5. h4 h6 6. d3 Nd6 7. Bxd5 hxg5 8. h5 g4 9. Nc3 c6 10. Bg2 Be6 11. Nge2 Nd7 12. b3 Nf6 13. Ng3 Qc7 14. Bb2 Nf5 15. Nce4 Nxg3 16. Nxg3 0-0-0 17. Qe2 Qa5+ 18. c3 Nd5 19. b4 Qc7 20. Bxd5 Rxd5 21. e4 Rd8 22. a3 Qd7 23. 0-0-0 Bb3 24. Rd2 Be7 25. Qe3 g6 26. h6 Bf6 27. Qxa7 Bg5 28. Qa8+ Kc7 29. Qa5+ Kd6 30. c4 f6 31. f4 gxf3 32. Rf1 Ke6 33. Rxf3 Rxh6 34. Kb1 b6 35. Qxb6 Bxd2 36. d4 Bxc4 37. d5+ Bxd5 38. exd5+ Qxd5 39. Qf2 f5 40. Qe2 Rh2 0-1

[Event "Dimitrovgrad-ch"]
[Site "Dimitrovgrad"]
[Date "2009.??.??"]
[Round "2"]
[White "Giljazitdinov, Eduard"]
[Black "Romanjko, Arseny"]
[Result "1-0"]
[WhiteElo "2140"]
[BlackElo "2040"]
[PlyCount "41"]
[EventDate "2009.08.??"]
[EventType "swiss"]
[EventRounds "9"]
[EventCountry "RUS"]
[SourceTitle "EXT 2012"]
[Source "ChessBase"]
[SourceDate "2011.11.24"]
[SourceVersion "1"]
[SourceVersionDate "2011.11.24"]
[SourceQuality "1"]

1. e4 c5 2. c3 d5 3. exd5 Nf6 4. Bb5+ Bd7 5. Bc4 b5 6. Be2 Nxd5 7. d4 e6 8. Nf3 cxd4 9. Nxd4 Bc5 10. b4 Bxd4 11. Qxd4 Qf6 12. Qxf6 gxf6 13. a4 Na6 14. axb5 Nac7 15. Ra5 Rb8 16. c4 Nxb4 17. Rxa7 Kd8 18. Na3 Rg8 19. Bd2 Nxb5 20. cxb5 Nd5 21. Bf3 1-0